000 00808nam a22002537a 4500
001 00260
003 DO-SdBNP
005 20151126102521.0
008 151126b 2005 sp xxu||||| |||| 00| 0 spa d
020 _a8431678496
040 _aBPMSU
_bspa
_cBPMSU
092 _axxxxx
_bxxxxx
100 1 _aCervantes Saavedra, Miguel de,
_d1547-1616.
245 1 0 _aÉrase una vez Don Quijote /
_cMiguel de Cervantes ; adaptación y actividades Agustín Sánchez Aguilar ; ilustraciones Nivio López Vigil.
260 _aBarcelona :
_bVicens Vives,
_c20005.
300 _a102 p.
_bil. ;
_c22 cm.
490 1 _aPiñata
_v10
700 1 2 _aSánchez Aguilar, Agustín
700 1 2 _aLópez Vigil, Nivio,
_eil.
830 0 _aPiñata ;
_n10
910 _a00260
942 _2ddc
_cBK
956 _aLorenza Péerez
_b10
999 _c8925
_d8925